| 000 | 004960000a22001810004500 | ||
|---|---|---|---|
| 090 |
_aAR _b02741 |
||
| 245 | 1 | 0 | _aSclerotiniacea IX. coprotinia |
| 650 | 1 | 4 |
_aMicología _97797 |
| 650 | 1 | 4 |
_aFilogenética _94310 |
| 650 | 1 | 4 |
_aTaxonomía _992343 |
| 650 | 1 | 4 |
_aMorfología _992917 |
| 653 |
_gLambertella _eLambertella minutula |
||
| 653 |
_gLanzia _eLanzia cuniculi |
||
| 041 | 0 | _aInglés | |
| 100 | 1 |
_aDumont, Kent P. _996188 |
|
| 942 | _cARTICULO | ||
| 773 | 1 |
_tMycologia _3678 _h2 _q320-331 _d1975 _g67 |
|
| 999 |
_c11802 _d11802 |
||